| 000 | 00586nam a2200217 i 4500 | ||
|---|---|---|---|
| 001 | bgj | ||
| 100 | 1 | _aHOCHHUTH, Rolf. | |
| 245 | 1 | 0 |
_aRäuber-Rede : _bdrei deutsche Vorwürfe Schiller, Lessing, Geschwister Scholl / _cRolf Hochhuth. |
| 260 |
_aReinbek bei Hamburg : _bRowohlt, _c1982. |
||
| 300 |
_a222, [2] s. ; _c21 cm. |
||
| 504 | _aBibliogr. | ||
| 650 | 9 | _aLiteratura niemiecka | |
| 020 | _a3498028596 | ||
| 040 | _cBPK | ||
| 041 | 0 | _ager | |
| 044 | _aDEU | ||
| 080 | _a821.112.2 | ||
| 920 | _a3-498-02859-6 | ||
| 942 | _cKS | ||
| 008 | s gw f |000 0 ger | ||
| 999 |
_c50421 _d50421 |
||
| 856 |
_uhttp://koha.tu.koszalin.pl/cgi-bin/koha/opac-detail.pl?biblionumber=50421 _yKatalog online BPK |
||